00537nam a2200145Ia 4500008004100000020001500041082001800056100001900074245008500093260007000178300000900248942001200257999001900269952010300288210430s9999 xx 000 0 und d a0975586017 a327.2 S8935 S aAnwar Dil9360 aStrategy, Diplomacy, Humanity: life and work of Shabzada Yaqub-Khan /cAnwar Dil aIslamabadbIntercultural Forum Takshila Research Universityc2005 a396p cBK2ddc c561390d561390 00102ddc4070aSCMEbSCMEcGENd0000-00-00o327.2 S 8935 SpSCME-223r2021-04-30w2021-04-30yBK